000 00457nam a2200181Ia 4500
003 OSt
005 20240322095115.0
008 210210b1931 xxu||||| |||| 00| 0 eng d
040 _cAL
041 _akan
082 _a859/1189
100 _aBALASARASVATI
_9146403
_dಬಾಲಸರಸ್ವತಿ
245 _aShobhane:
_bಶೋಭಾನೆ
260 _aBengaluru
_b-
_c1931
690 _aKannada Fiction
_9146404
906 _a021932
942 _2ddc
_cBK
999 _c146038
_d146038